[Event "Konnerud GP"]
[Site "Konnerud"]
[Date "2017.11.18"]
[Round "2"]
[White "Abdrlauf, Elham"]
[Black "Gandrud, Vegar Koi"]
[Result "1/2-1/2"]
[WhiteElo "2061"]
[BlackElo "2335"]
[PlyCount "95"]
[EventDate "2017.11.18"]
[EventType "swiss"]
[EventRounds "5"]
[EventCountry "NOR"]
[SourceTitle "EXT 2024"]
[Source "ChessBase"]
[SourceDate "2023.10.10"]
[SourceVersion "1"]
[SourceVersionDate "2023.10.10"]
[SourceQuality "1"]

1. e4 c5 2. Nf3 d6 3. d4 cxd4 4. Nxd4 Nf6 5. Nc3 a6 6. Be3 e6 7. Be2 Nbd7 8. 0-0 b5 9. a3 Bb7 10. f3 Be7 11. Qd2 0-0 12. Kh1 d5 13. exd5 Nxd5 14. Nxd5 Bxd5 15. Rad1 Nb6 16. Bd3 Rc8 17. Qf2 Nc4 18. Bxc4 Rxc4 19. f4 Bh4 20. Qd2 Bf6 21. c3 Qa8 22. Nf3 Rd8 23. Qe2 Rcc8 24. Qf2 Bxf3 25. Qxf3 Qxf3 26. gxf3 Rxd1 27. Rxd1 Rd8 28. Rxd8+ Bxd8 29. b3 Kf8 30. Kg2 Ke7 31. Kf2 Bc7 32. h3 Bd6 33. a4 bxa4 34. bxa4 Kd7 35. Ke2 Kc6 36. Kd3 Kd5 37. c4+ Kc6 38. Ke4 g6 39. Kd3 Bc5 40. Bd2 f5 41. Bc1 Bf8 42. Be3 Bd6 43. Kc3 Ba3 44. Kd3 Bc5 45. Bxc5 Kxc5 46. a5 Kc6 47. Kd4 Kd6 48. Kd3 1/2-1/2

[Event "Bergen Sommer op"]
[Site "Bergen"]
[Date "2017.07.28"]
[Round "1"]
[White "Sorensen, Simen"]
[Black "Gandrud, Vegar Koi"]
[Result "0-1"]
[WhiteElo "1744"]
[BlackElo "2330"]
[PlyCount "62"]
[EventDate "2017.07.28"]
[EventType "swiss"]
[EventRounds "5"]
[EventCountry "NOR"]
[SourceTitle "CBM 179 Extra"]
[Source "ChessBase"]
[SourceDate "2017.08.23"]
[SourceVersion "1"]
[SourceVersionDate "2017.08.23"]
[SourceQuality "1"]

1. c4 c5 2. Nc3 Nc6 3. g3 g6 4. Bg2 Bg7 5. Nf3 d6 6. d3 e6 7. 0-0 Nge7 8. e4 0-0 9. Bf4 h6 10. Re1 e5 11. Be3 Kh7 12. Rb1 f5 13. exf5 Nxf5 14. a3 Nxe3 15. fxe3 Bg4 16. h3 Be6 17. b4 Qd7 18. Kh2 cxb4 19. axb4 a5 20. bxa5 Rxa5 21. Qb3 Rb8 22. Nb5 Rba8 23. Nd2 Ra2 24. Ne4 Bxh3 25. Rb2 Rxb2 26. Qxb2 Bxg2 27. Qxg2 Nb4 28. Nbxd6 Qg4 29. Re2 Qh5+ 30. Kg1 Ra1+ 31. Kf2 Nxd3# 0-1

[Event "NOR-ch"]
[Site "Stavanger"]
[Date "2017.07.07"]
[Round "8"]
[White "Haldorsen, Benjamin"]
[Black "Gandrud, Vegar Koi"]
[Result "1-0"]
[WhiteElo "2356"]
[BlackElo "2330"]
[PlyCount "85"]
[EventDate "2017.06.30"]
[EventType "swiss"]
[EventRounds "9"]
[EventCountry "NOR"]
[SourceTitle "CBM 179 Extra"]
[Source "ChessBase"]
[SourceDate "2017.08.23"]
[SourceVersion "1"]
[SourceVersionDate "2017.08.23"]
[SourceQuality "1"]

1. e4 e5 2. Nf3 Nc6 3. d4 exd4 4. Nxd4 Nf6 5. Nc3 Bb4 6. Nxc6 bxc6 7. Bd3 d5 8. exd5 cxd5 9. 0-0 0-0 10. h3 h6 11. Qf3 c6 12. Ne2 Re8 13. Nd4 Bd7 14. Nf5 Bf8 15. c4 Ne4 16. cxd5 cxd5 17. Rd1 Qc8 18. Ng3 Nxg3 19. Qxg3 Qb8 20. Bf4 Qxb2 21. Bxh6 g6 22. Bxf8 Rxf8 23. h4 Qg7 24. Rac1 Be6 25. Re1 d4 26. a4 Rfe8 27. Qg5 Bd7 28. a5 Re6 29. Rxe6 Bxe6 30. Rc7 Qf8 31. Bxg6 Qg7 32. h5 d3 33. Qe3 Qa1+ 34. Rc1 Qxa5 35. Bxd3 Qxh5 36. Rc5 Qd1+ 37. Kh2 Rc8 38. Qg3+ Kf8 39. Qd6+ Kg7 40. Rg5+ Kf6 41. Rf5+ Kg7 42. Qe5+ Kg8 43. Rg5+ 1-0

[Event "NOR-ch"]
[Site "Stavanger"]
[Date "2017.07.05"]
[Round "6"]
[White "Gandrud, Vegar Koi"]
[Black "Elsness, Frode"]
[Result "0-1"]
[WhiteElo "2330"]
[BlackElo "2466"]
[PlyCount "164"]
[EventDate "2017.06.30"]
[EventType "swiss"]
[EventRounds "9"]
[EventCountry "NOR"]
[SourceTitle "CBM 179 Extra"]
[Source "ChessBase"]
[SourceDate "2017.08.23"]
[SourceVersion "1"]
[SourceVersionDate "2017.08.23"]
[SourceQuality "1"]

1. d4 Nf6 2. c4 e6 3. Nf3 d5 4. Nc3 Bb4 5. Qa4+ Nc6 6. e3 0-0 7. Qc2 Re8 8. Bd2 a6 9. a3 Bd6 10. c5 Bf8 11. b4 e5 12. dxe5 Nxe5 13. Be2 Nxf3+ 14. Bxf3 d4 15. Nd1 Ng4 16. 0-0 Ne5 17. Be4 d3 18. Qb3 Qh4 19. f3 g6 20. g3 Qh5 21. Nb2 Rd8 22. Bc3 Bh6 23. Bd4 Rxd4 24. exd4 Be3+ 25. Kh1 Bxd4 26. Nxd3 Be6 27. Qc2 Nxd3 28. Qxd3 Bxa1 29. Rxa1 c6 30. f4 Re8 31. Rf1 Bh3 32. Rc1 Qg4 33. Kg1 Qe6 34. Bg2 Bf5 35. Qd2 Bg4 36. Rc3 Qe1+ 37. Qxe1 Rxe1+ 38. Kf2 Re2+ 39. Kf1 Ra2 40. Re3 Kf8 41. h3 Be6 42. g4 Rd2 43. Be4 Kg7 44. Ke1 Rh2 45. Bd3 h5 46. Be2 h4 47. Kf1 Bd5 48. Kg1 Rg2+ 49. Kf1 Rh2 50. Kg1 Rh1+ 51. Kf2 Ra1 52. Rc3 Kf8 53. Bf3 Ra2+ 54. Ke3 Bxf3 55. Kxf3 f5 56. gxf5 gxf5 57. Ke3 Kf7 58. Kd4 Kf6 59. Rf3 Re2 60. Kd3 Re4 61. Rf2 Ke6 62. Rf3 Kd5 63. Rf1 a5 64. Rb1 Rd4+ 65. Kc3 Rc4+ 66. Kd3 Rxf4 67. bxa5 Rf3+ 68. Ke2 Rxh3 69. Rxb7 Rxa3 70. Rf7 Ke4 71. Rh7 h3 72. a6 h2 73. Kf1 Rxa6 74. Kg2 Ra2+ 75. Kh1 Ra1+ 76. Kxh2 Rc1 77. Kg3 Rxc5 78. Re7+ Re5 79. Rc7 c5 80. Kf2 Kd3 81. Kf3 c4 82. Kf4 Rd5 0-1

[Event "NOR-ch"]
[Site "Stavanger"]
[Date "2017.07.04"]
[Round "5"]
[White "Gandrud, Vegar Koi"]
[Black "Mihajlov, Sebastian"]
[Result "1-0"]
[WhiteElo "2330"]
[BlackElo "2414"]
[PlyCount "93"]
[EventDate "2017.06.30"]
[EventType "swiss"]
[EventRounds "9"]
[EventCountry "NOR"]
[SourceTitle "CBM 179 Extra"]
[Source "ChessBase"]
[SourceDate "2017.08.23"]
[SourceVersion "1"]
[SourceVersionDate "2017.08.23"]
[SourceQuality "1"]

1. d4 Nf6 2. c4 g6 3. Nc3 Bg7 4. e4 d6 5. Nf3 0-0 6. Be2 e5 7. d5 a5 8. Be3 Qe8 9. Nd2 Na6 10. a3 Bd7 11. b3 c6 12. 0-0 h6 13. Bb6 c5 14. Bxa5 Qb8 15. Nb5 b6 16. Bc3 h5 17. Qc2 Ne8 18. b4 Bh6 19. Nb3 f5 20. exf5 Bxf5 21. Bd3 Ng7 22. Nd2 Qd8 23. Ne4 Bxe4 24. Bxe4 Nf5 25. Qd3 Kh7 26. Bd2 Bxd2 27. Qxd2 Nc7 28. bxc5 Nxb5 29. cxb5 bxc5 30. f4 exf4 31. Rxf4 Nd4 32. Rxf8 Qxf8 33. Qd3 Kg7 34. Rb1 Qe7 35. b6 Rb8 36. a4 Qe5 37. a5 c4 38. Qe3 c3 39. Re1 c2 40. Bxc2 Nxc2 41. Qxe5+ dxe5 42. Rb1 Na3 43. a6 Nxb1 44. a7 Rxb6 45. a8Q Rd6 46. Qc6 Rf6 47. Qb7+ 1-0

[Event "NOR-ch"]
[Site "Stavanger"]
[Date "2017.07.02"]
[Round "3"]
[White "Agdestein, Simen"]
[Black "Gandrud, Vegar Koi"]
[Result "1-0"]
[WhiteElo "2604"]
[BlackElo "2330"]
[PlyCount "81"]
[EventDate "2017.06.30"]
[EventType "swiss"]
[EventRounds "9"]
[EventCountry "NOR"]
[SourceTitle "CBM 179 Extra"]
[Source "ChessBase"]
[SourceDate "2017.08.23"]
[SourceVersion "1"]
[SourceVersionDate "2017.08.23"]
[SourceQuality "1"]

1. d4 Nf6 2. Nf3 g6 3. Bg5 Bg7 4. Nbd2 d5 5. e3 Nbd7 6. Be2 0-0 7. 0-0 c5 8. a4 b6 9. a5 a6 10. axb6 Qxb6 11. Ra2 Re8 12. Nb3 cxd4 13. exd4 Ne4 14. Bf4 a5 15. Qa1 e5 16. Be3 exd4 17. Nbxd4 Ne5 18. Nf5 Nxf3+ 19. Bxf3 d4 20. Nxg7 dxe3 21. Nxe8 exf2+ 22. Kh1 Bb7 23. Bxe4 Bxe4 24. Nd6 Qxd6 25. Rxf2 Qc5 26. Qf1 Rd8 27. Ra1 Bf5 28. Qe1 Rd5 29. Rd2 Re5 30. Re2 Rd5 31. Rd2 Re5 32. Re2 Rd5 33. h3 Qd6 34. Re8+ Kg7 35. Qc3+ Kh6 36. Qe3+ Kg7 37. Qc3+ Kh6 38. Rxa5 Rxa5 39. Qxa5 Bxh3 40. Qe5 Qc6 41. Qe4 1-0

[Event "NOR-ch"]
[Site "Stavanger"]
[Date "2017.07.01"]
[Round "2"]
[White "Gandrud, Vegar Koi"]
[Black "Urkedal, Frode Olav Olsen"]
[Result "1/2-1/2"]
[WhiteElo "2330"]
[BlackElo "2541"]
[PlyCount "99"]
[EventDate "2017.06.30"]
[EventType "swiss"]
[EventRounds "9"]
[EventCountry "NOR"]
[SourceTitle "CBM 179 Extra"]
[Source "ChessBase"]
[SourceDate "2017.08.23"]
[SourceVersion "1"]
[SourceVersionDate "2017.08.23"]
[SourceQuality "1"]

1. d4 Nf6 2. c4 e6 3. Nf3 b6 4. g3 Ba6 5. Nbd2 Bb4 6. Qa4 Qe7 7. a3 Bxd2+ 8. Bxd2 Bb7 9. Bg2 0-0 10. 0-0 d6 11. b4 Ne4 12. Qc2 Nxd2 13. Nxd2 Bxg2 14. Kxg2 Nd7 15. Nb3 c5 16. Rfd1 Rac8 17. Rac1 Rfd8 18. Qd3 cxd4 19. Qxd4 Nf6 20. Qe3 Qb7+ 21. Qf3 Qa6 22. Nd4 Rxc4 23. Rxc4 Qxc4 24. Nc6 Re8 25. Rxd6 a5 26. Qd3 Qxd3 27. Rxd3 axb4 28. axb4 Ra8 29. Kf3 h5 30. Rd8+ Rxd8 31. Nxd8 Kf8 32. Nc6 Ke8 33. e4 g5 34. h3 Kd7 35. Ne5+ Ke7 36. Ke3 Ne8 37. Kd4 Nc7 38. Nc4 b5 39. Ne5 Na6 40. Nd3 f6 41. f4 Kd6 42. e5+ fxe5+ 43. fxe5+ Ke7 44. h4 gxh4 45. gxh4 Kf7 46. Ke4 Kg6 47. Nf4+ Kf7 48. Nd3 Kg6 49. Nf4+ Kf7 50. Nd3 1/2-1/2

[Event "NOR-ch rapid"]
[Site "Sandefjord"]
[Date "2017.01.08"]
[Round "9"]
[White "Christiansen, Johan Sebastian"]
[Black "Gandrud, Vegar Koi"]
[Result "0-1"]
[WhiteElo "2428"]
[BlackElo "2297"]
[PlyCount "68"]
[EventDate "2017.01.07"]
[EventType "swiss (rapid)"]
[EventRounds "10"]
[EventCountry "NOR"]
[SourceTitle "CBM 176 Extra"]
[Source "ChessBase"]
[SourceDate "2017.03.02"]
[SourceVersion "1"]
[SourceVersionDate "2017.03.02"]
[SourceQuality "1"]

1. Nf3 c5 2. c4 Nc6 3. g3 g6 4. Bg2 Bg7 5. Nc3 d6 6. 0-0 e6 7. a3 Nge7 8. Rb1 0-0 9. b4 b6 10. Qb3 Bb7 11. Bb2 Rb8 12. d3 Qd7 13. Rfd1 Nd4 14. Nxd4 cxd4 15. Bxb7 dxc3 16. Bg2 cxb2 17. d4 d5 18. c5 bxc5 19. dxc5 Nc6 20. Qa4 Qb7 21. e4 Nd4 22. exd5 Ne2+ 23. Kh1 Nc3 24. Qb3 exd5 25. Bxd5 Qc7 26. h4 Rbd8 27. Kh2 Rxd5 28. Rxd5 Nxb1 29. Rd6 Nxa3 30. Qxa3 b1Q 31. h5 Qf5 32. hxg6 Qxf2+ 33. Kh1 fxg6 34. Qb3+ Qcf7 0-1

[Event "NOR-ch rapid"]
[Site "Sandefjord"]
[Date "2017.01.07"]
[Round "1"]
[White "Gandrud, Vegar Koi"]
[Black "Huse, Sigurd Kjelsbol"]
[Result "1-0"]
[WhiteElo "2297"]
[BlackElo "1949"]
[PlyCount "65"]
[EventDate "2017.01.07"]
[EventType "swiss (rapid)"]
[EventRounds "10"]
[EventCountry "NOR"]
[SourceTitle "CBM 176 Extra"]
[Source "ChessBase"]
[SourceDate "2017.03.02"]
[SourceVersion "1"]
[SourceVersionDate "2017.03.02"]
[SourceQuality "1"]

1. d4 d5 2. c4 c6 3. Nf3 Nf6 4. Nc3 a6 5. g3 e6 6. Bg2 Nbd7 7. 0-0 Be7 8. b3 0-0 9. Qd3 c5 10. cxd5 exd5 11. Bb2 b5 12. dxc5 Nxc5 13. Qd1 Bb7 14. Nd4 Qd7 15. Rc1 Rac8 16. b4 Nce4 17. Nb3 Qf5 18. a3 Rfd8 19. e3 Nxc3 20. Bxc3 Ne4 21. Bd4 Rxc1 22. Qxc1 Rc8 23. Qb2 Bf8 24. h4 f6 25. Kh2 Nd6 26. Bh3 Qd3 27. Nc5 Rxc5 28. bxc5 Nc4 29. Qb1 Qxa3 30. Qf5 Bxc5 31. Qd7 Bf8 32. Be6+ Kh8 33. Qf7 1-0

[Event "Boeblingen op 33rd"]
[Site "Boeblingen"]
[Date "2016.12.30"]
[Round "7"]
[White "Gandrud, Vegar Koi"]
[Black "Kvetny, Mark"]
[Result "1-0"]
[WhiteElo "2279"]
[BlackElo "2389"]
[PlyCount "81"]
[EventDate "2016.12.26"]
[EventType "swiss"]
[EventRounds "9"]
[EventCountry "GER"]
[SourceTitle "CBM 176 Extra"]
[Source "ChessBase"]
[SourceDate "2017.03.02"]
[SourceVersion "1"]
[SourceVersionDate "2017.03.02"]
[SourceQuality "1"]

1. d4 Nf6 2. c4 e6 3. Nf3 Bb4+ 4. Nbd2 0-0 5. a3 Be7 6. e4 d6 7. Be2 b6 8. 0-0 Bb7 9. Qc2 e5 10. b4 exd4 11. Nxd4 Nfd7 12. Bb2 Bf6 13. f4 Nc6 14. Nxc6 Bxc6 15. Bf3 Re8 16. Rae1 Bxb2 17. Qxb2 a5 18. e5 Bxf3 19. Nxf3 axb4 20. axb4 dxe5 21. fxe5 Nf8 22. Nd4 Ne6 23. Nc6 Qd3 24. Qf2 Rf8 25. Qh4 Ra2 26. Re4 Qd2 27. Rg4 Qe3+ 28. Kh1 h6 29. Qf6 Kh8 30. Qf5 Re2 31. h3 Ng5 32. Ne7 Ne6 33. Qxe6 fxe6 34. Rxf8+ Kh7 35. Ng6 Re1+ 36. Kh2 Qg5 37. Rxg5 hxg5 38. Ne7 Rxe5 39. Rc8 c5 40. bxc5 bxc5 41. Rh8+ 1-0